000 00572cam5a220020500 4500
001 qcf00394073
005 20190830121027.0
008 791218s1955 be abc 000 0 fre c
010 _aa 55005426
035 _a(Sirsi) r29298
035 _a(QCAT)lss02583555
035 _a(UPRA)qcf00394073
050 0 _aDT644
_b.B68
245 0 0 _aCongo, terre de beaute et de prodiges.
260 _aBruxelles :
_bA. de Boeck,
_c1955.
651 0 _aZaire.
_6S4150.1
700 1 _aBourgaux, Louis.
_6A93658.1
949 _aDT644
_wlcc
_i-31990
_mMAIN
_tBOOK
_lON-SHELF
004 29298
999 _c196719
_d196719